| 000 | 00696nam a2200193 a 4500 | ||
|---|---|---|---|
| 005 | 20140412111324.0 | ||
| 008 | 001108s19uu xx 00 eng d | ||
| 020 | _a0-7214-0873-7 | ||
| 050 |
_aER _bW731 1985 |
||
| 245 | _aWinnie the Pooh and the blustery day. | ||
| 260 |
_aLoughborough, UK : _bLadybird, _c1985. |
||
| 300 | _a43 p. ; ill. | ||
| 440 | _aDisney series | ||
| 520 | _aOne blustery day Winnie the Pooh decides to visit his friends in the hundred acre wood. But when he reaches Piglets fine house in the beech tree, something quite unexpected happens to both of them. | ||
| 650 | _aPiglets - - stories | ||
| 650 | _aPiglets - - Fiction | ||
| 999 |
_c104493 _d104493 |
||